000 01577cam a2200301 i 4500
003 SA-RiAUC
005 20260210125155.0
008 260208s2000 su g 000 0 ara c
020 _a9960837181
040 _aSA-JeALM
_bara
_cSA-RiAUC
_erda
082 0 4 _a215
090 _a215
_b ا ب ن ي
100 1 _aابن إلياس، خير الدين بن تاج الدين إلياس،
_d1086-1127 هجري
_eمؤلف.
245 1 0 _aقرة عين العابد بحكم فرش السجاجيد في المساجد :
_bرسالة في حكم حجز الأمكنة ... /
_cتأليف خير الدين بن تاج الدين إلياس زادة ؛ مراجعة وتقريظ محمد الأمين أبوخبزة الحسني ؛ تحقيق وتعليق يوسف محمد داخل الصبحي.
250 _aالطبعة الأولى.
264 1 _aالرياض :
_bدار العاصمة للنشر والتوزيع،
_c2000
300 _a87 صفحة ؛
_c24 سم
336 _aنص
_btxt
_2rdacontent
_3كتاب
337 _aبدون وسيط
_bn
_2rdamedia
500 _aاهداء من المحقق يوسف الصبحي الى الشيخ رحمه الله بتاريخ 15 / 9 / 1421 هـ
650 7 _aالمساجد
_2aucsh
650 7 _aالأحكام الشرعية
_2aucsh
650 7 _aالفقه الإسلامي
_2aucsh
700 1 _aالصبحي، يوسف بن محمد بن داخل
_eمحقق.
700 1 _aالحسني، محمد بن الأمين أبوخبزة،
_d1932-2020
_eمراجع.
942 _2ddc
_cBOOK
_n0
949 _aSA-JeALM
_d260208
_uosman123
_n1
999 _c14277
_d14277